Popular social networking sites Quiz Stats

 Plays Quiz not verified by Sporcle

Also try: 'A' Logos
Challenge
Share
Tweet
Embed
Score 0/6 Timer 02:00
0 Plays Today
% Correct
facebook
98.3%
myspace
93.2%
bebo
22%
myyearbook
6.8%
mylife
3.4%
vox
3.4%

You're not logged in!

Compare scores with friends on all Sporcle quizzes.
Join for Free
OR
Log In

You Might Also Like...

Show Comments

Extras

Created Feb 12, 2010ReportNominate
Tags:Popular Quiz, networking, site, social

Top Quizzes Today


Score Distribution

Your Account Isn't Verified!

In order to create a playlist on Sporcle, you need to verify the email address you used during registration. Go to your Sporcle Settings to finish the process.

Report this User

Report this user for behavior that violates our Community Guidelines.

Details: